Normal view MARC view

Entry Personal Name

Number of records used in: 2

001 - CONTROL NUMBER

  • control field: 53959

003 - CONTROL NUMBER IDENTIFIER

  • control field: dpl

005 - DATE AND TIME OF LATEST TRANSACTION

  • control field: 20121130152435.0

008 - FIXED-LENGTH DATA ELEMENTS

  • fixed length control field: 121130|||a|||||| | ||| d

040 ## - CATALOGING SOURCE

  • Original cataloging agency: dpl
  • Transcribing agency: dpl

100 ## - HEADING--PERSONAL NAME

  • Personal name: मीरा सिंह

670 ## - SOURCE DATA FOUND

  • Source citation: Work cat.: (dpl)68156: मीरा सिंह, नारी-बिम्ब के आलोक में नई कविता /, 2012

670 ## - SOURCE DATA FOUND

  • Source citation: Work cat.: (dpl)68156: मीरा सिंह, नारी-बिम्ब के आलोक में नई कविता /, 2012

© Delhi Public Library
Hit Counter
free hit counter